[Event "CRI-chT"]
[Site "San Jose"]
[Date "2024.04.28"]
[Round "2.4"]
[White "Jimenez Santamaria, Jose Daniel"]
[Black "Porras Bolivar, Gerald"]
[Result "1/2-1/2"]
[WhiteElo "1648"]
[BlackElo "1946"]
[PlyCount "58"]
[EventDate "2024.04.28"]
[EventType "team-swiss"]
[EventRounds "7"]
[EventCountry "CRI"]
[SourceTitle "EXT 2025"]
[Source "ChessBase"]
[SourceDate "2024.10.14"]
[SourceVersion "1"]
[SourceVersionDate "2024.10.14"]
[SourceQuality "1"]
[WhiteTeam "Santa Barbara III"]
[BlackTeam "Santa Barbara"]
[WhiteTeamCountry "CRI"]
[BlackTeamCountry "CRI"]

1. e4 c5 2. Nf3 Nc6 3. d4 cxd4 4. Nxd4 Nf6 5. Nc3 d6 6. Be3 Ng4 7. Bg5 h6 8. Bh4 g5 9. Bg3 Bg7 10. Bb5 Qb6 11. Nde2 h5 12. h4 gxh4 13. Bxh4 Be6 14. Nd5 Bxd5 15. Qxd5 Bf6 16. 0-0-0 Bxb2+ 17. Kxb2 a6 18. c4 axb5 19. Qxb5 Qa7 20. Nc3 Qa3+ 21. Kc2 0-0-0 22. Qb3 Qc5 23. Na4 Nd4+ 24. Rxd4 Qxd4 25. Nb6+ Kb8 26. f3 Ne3+ 27. Kb1 Nxg2 28. Bxe7 Nf4 29. Rd1 Qc5 1/2-1/2

[Event "Santa Barbara Avendano Memorial"]
[Site "Santa Barbara"]
[Date "2024.02.17"]
[Round "4"]
[White "Jimenez Santamaria, Jose Daniel"]
[Black "Chavarria Cedeno, Bryan"]
[Result "1-0"]
[WhiteElo "1197"]
[BlackElo "1281"]
[PlyCount "43"]
[EventDate "2024.01.27"]
[EventType "swiss"]
[EventRounds "6"]
[EventCountry "CRI"]
[SourceTitle "EXT 2025"]
[Source "ChessBase"]
[SourceDate "2024.10.14"]
[SourceVersion "1"]
[SourceVersionDate "2024.10.14"]
[SourceQuality "1"]

1. e4 Nf6 2. Nc3 e5 3. Bc4 Nc6 4. d3 Na5 5. Bb3 d6 6. Nf3 Bg4 7. h3 Bh5 8. Ba4+ Nc6 9. g4 Bg6 10. Bg5 h6 11. Bh4 a6 12. d4 b5 13. Nxb5 Bxe4 14. Nc3 g5 15. Nxe4 Nxe4 16. Bxc6+ Ke7 17. Bxe4 d5 18. Nxe5 Qd6 19. Bg3 dxe4 20. Nxf7 Qf6 21. Nxh8 Bg7 22. Be5 1-0